00662nam a2200205Ia 4500003000900000008004100009040001600050080001500066100003100081245008600112260003900198300001300237650002500250650001900275650002600294650002600320942000700346999001300353952009000366IN-BaIIA211028s9999 xx 000 0 eng d cIIA Library a539.1bSTE aStephens, William E.91848 0aNuclear fission and atomic energycWilliam E. Stephens  aLancasterbThe Science Pressc1948 ax, 294p. aAtomic physics91547 aNASA Thesaurus aNuclear fission91849 aNuclear physics91527 cBK c868d868 00104070aBANbKODcGENd0000-00-00l0o539.1/ STEp894r2021-11-05w0000-00-00yBK